000 00884nam a2200277 c 4500
003 BLK
005 20180420234845.0
008 180410b bul|||||r ||||||| ||bul||
010 _aKNG00171708000
040 _aBLK
041 _aBUL
_cBUL
080 _aБългарска литература
_b821.163.2
_x-31
_z821.163.2-31
100 1 _aВолев, Стефан
_eпърви автор
_9336245
139 _aВолев, Стефан
_bВ 81
245 1 0 _aЛекарят от група "Нула"
_bРоман
_cСтефан Волев.
257 _aBGR
260 София
_bБълг. писател
_c1965
300 _a219 с.
_c25 см
380 _aX
500 _a10 100 тир.
852 _aЦб 35709
856 4 _qpdf
_u
856 4 _qpdf
_u
942 _cKNG
_n0
944 _aCR
_c20.02.2015
_kТеодора_Стоянова
944 _aED
_c20.02.2015
_kТеодора_Стоянова
999 _c164211
_d164211